Mudrost´ islama : znakomstvo s žiznennym opytom islamskoj very i praktiki /
Uložené v:
| Hlavný autor: | |
|---|---|
| Ďalší autori: | |
| Médium: | Kniha |
| Jazyk: | Russian English |
| Vydané: |
Moskva :
Omega,
2005.
|
| Vydanie: | 1. izd. |
| Témy: | |
| ISBN: |
5465005874 (viaz.) |
| Fyzický popis: |
143 s. : fotogr., mp., portréty ; 26 cm. |
| Tagy: |
Pridať tag
Žiadne tagy, Buďte prvý kto otaguje tento záznam!
|
Titul je dostupný aj v ... 

MARC
| LEADER | 00000nam a2200000 a 4500 | ||
|---|---|---|---|
| 001 | 000295321 | ||
| 005 | 20070712121406.0 | ||
| 008 | 070509s2005 ru bc e 001 0 rus d | ||
| 020 | |a 5465005874 (viaz.) | ||
| 040 | |a SVKKK |b slo |c SVKKK |e AACR2 | ||
| 041 | 1 | |a rus |h eng | |
| 044 | |a ru |c RU | ||
| 072 | 7 | |a 28 |x Islam |2 konspekt | |
| 080 | |a 28 |2 1997 | ||
| 080 | |a (084.11) |2 1997 | ||
| 100 | 1 | |a Frager, Robert | |
| 245 | 1 | 0 | |a Mudrost´ islama : |b znakomstvo s žiznennym opytom islamskoj very i praktiki / |c Robert Frejdžer ; [kniga perevedena s anglijskogo Damirom Chajretdinovym]. |
| 250 | |a 1. izd. | ||
| 260 | |a Moskva : |b Omega, |c 2005. | ||
| 300 | |a 143 s. : |b fotogr., mp., portréty ; |c 26 cm. | ||
| 500 | |a Fotogr. na fronte | ||
| 500 | |a Údaj o preklade prevzatý z rubu titl. strany | ||
| 500 | |a Preklad z angl. orig. | ||
| 504 | |a Predmetový register: s. 142-143 | ||
| 650 | 0 | 7 | |a islam |2 SVKKKPH |
| 655 | 7 | |a obrazové publikácie |2 SVKKKPH | |
| 700 | 1 | |a Chajretdinov, Damir |4 trl | |
| 919 | |a 5-465-00587-4 | ||
| 998 | |a BK | ||
| 090 | |g SCKHL |k Sklad Hlavná 10 prízemie |a V.217626 |j 989661 |i 2720078193 |s Absenčne | ||